| 000 | 00695cad a22002055a 4500 | ||
|---|---|---|---|
| 001 | L123851 | ||
| 008 | 031003s2003 xxk 000 0 eng u | ||
| 020 | _a0110475658 | ||
| 035 | _a(Sirsi) u123851 | ||
| 110 | 2 |
_aUnited Kingdom _kLaws, etc. _95044 |
|
| 245 | 0 | 4 |
_aThe Land Registration (Acting Adjudicator) Regulations 2003 _h[electronic resource] |
| 260 |
_aLondon _bHMSO _c2003 |
||
| 490 |
_aSI _v2003: 2342 |
||
| 520 | _aView at www.hmso.gov.uk. | ||
| 650 | _aLAND REGISTRATION ACT 2002 | ||
| 651 | 4 |
_aEngland and Wales _y1543- |
|
| 690 | _aPROPERTY | ||
| 856 |
_uhttps://www.legislation.gov.uk/uksi/2003/2342/contents/made _zView the Regulations at www.legislation.gov.uk |
||
| 942 | _n0 | ||
| 999 |
_c103105 _d103105 |
||